000 004850000a22001330004500
090 _aAS
_bSeriadas
245 1 0 _aModificaciones tegumentarias de larvas y adultos durante el cuidado parental en Minyobates virolinensis (<Amphibia: Anura: Dendrobatidae>)
041 0 _aEspañol
700 1 _aRuiz Carranza, Pedro M.
_994187
700 1 _aRamírez Pinilla Martha Patricia
_999361
100 1 _aPérez, Gloria R. de
_999362
942 _cARTICULO
773 1 _tCaldasia
_345
_h1
_q75-86
_d1992
_g17
999 _c14786
_d14786